000 00453nam a22001697a 4500
005 20250204152633.0
008 250204b |||||||| |||| 00| 0 eng d
020 _a9781861526076
050 _aHG4521
_b.L62 LUM
100 _aLumby, Steve
245 _aFundamentals of investment appraisal
260 _aAustralia
_bThomson Learning
_cc2001
300 _aviii, 273p;
_bill.;
500 _aincludes index
700 _aJones, Chris
942 _2lcc
_cBK
_n0
999 _c3430
_d3430